|
|
|
|
| LEADER |
01548cas a2200241 a 4500 |
| 001 |
AALejournalIMF004404 |
| 008 |
230101c9999 xx r poo 0 0eng d |
| 020 |
|
|
|c 5.00 USD
|
| 020 |
|
|
|z 9781451955118
|
| 022 |
|
|
|a 1018-5941
|
| 040 |
|
|
|a BD-DhAAL
|c BD-DhAAL
|
| 100 |
1 |
|
|a Quirk, Peter.
|
| 245 |
1 |
0 |
|a Capital Account Convertibility :
|b A New Model for Developing Countries /
|c Peter Quirk.
|
| 264 |
|
1 |
|a Washington, D.C. :
|b International Monetary Fund,
|c 1994.
|
| 300 |
|
|
|a 1 online resource (26 pages)
|
| 490 |
1 |
|
|a IMF Working Papers
|
| 500 |
|
|
|a <strong>Off-Campus Access:</strong> No User ID or Password Required
|
| 500 |
|
|
|a <strong>On-Campus Access:</strong> No User ID or Password Required
|
| 506 |
|
|
|a Electronic access restricted to authorized BRAC University faculty, staff and students
|
| 520 |
3 |
|
|a This paper analyzes issues for developing countries considering a move to capital account convertibility. It reviews the relevant literature, including arguments for sequencing, and analyses in a series of charts various features of the foreign exchange market impact of removing controls, as against the alternative of foreign exchange intervention. Finally, it examines recent experiences of capital account liberalization by developing countries in the context of multi-pronged stabilization programs.
|
| 538 |
|
|
|a Mode of access: Internet
|
| 830 |
|
0 |
|a IMF Working Papers; Working Paper ;
|v No. 1994/081
|
| 856 |
4 |
0 |
|z Full text available on IMF
|u http://elibrary.imf.org/view/journals/001/1994/081/001.1994.issue-081-en.xml
|z IMF e-Library
|